ՀՀ Գիտությունների ազգային ակադեմիայի հիմնարար գիտական գրադարան  =   Fundamental Scientific Library of NAS RA

Արշակ Բ. եւ Քեօռօղլու / (Record no. 539058)

MARC details
000 -LEADER
fixed length control field 00705nam a2200205 a 4500
003 - CONTROL NUMBER IDENTIFIER
control field AM-YEHGA
005 - DATE AND TIME OF LATEST TRANSACTION
control field 20251204132206.0
008 - FIXED-LENGTH DATA ELEMENTS--GENERAL INFORMATION
fixed length control field 070725s1938 fr | |||| 00||1|arm|d
040 ## - CATALOGING SOURCE
Original cataloging agency AM-YEHGA
041 0# - LANGUAGE CODE
Language code of text/sound track or separate title arm
001 - CONTROL NUMBER
control field 473563
100 1# - MAIN ENTRY--PERSONAL NAME
Personal name Պէրպէրեան, Հ.
245 10 - TITLE STATEMENT
Title Արշակ Բ. եւ Քեօռօղլու /
Statement of responsibility, etc. Հ. Պէրպէրեան.
260 ## - PUBLICATION, DISTRIBUTION, ETC.
Place of publication, distribution, etc. Փարիզ :
Name of publisher, distributor, etc. տպ. Խ. Մաթիկեան,
Date of publication, distribution, etc. 1938.
300 ## - PHYSICAL DESCRIPTION
Extent 44 էջ ;
Dimensions 26 սմ.
500 ## - GENERAL NOTE
General note Սյունակագիր
500 ## - GENERAL NOTE
General note Արտատպուած "Ապագայ" շաբաթաթերթէն սրբագրութիւններով եւ յաւելուածներով
650 14 - SUBJECT ADDED ENTRY--TOPICAL TERM
Topical term or geographic name entry element Բանահյուսություն
942 00 - ADDED ENTRY ELEMENTS (KOHA)
Source of classification or shelving scheme Universal Decimal Classification
Koha item type Գրքեր / Books
Holdings
Withdrawn status Lost status Source of classification or shelving scheme Damaged status Not for loan Collection Home library Current library Date acquired Total checkouts Full call number Barcode Date last seen Price effective from Koha item type Public note
    Universal Decimal Classification     Gharibyan individual Collection Fundamental Scientific Library Fundamental Scientific Library 04/11/2025   Ղար/639 FL0698632 04/11/2025 04/12/2025 Գրքեր / Books ILL Non-Circ.


ՀՀ ԳԱԱ հիմնարար գիտական գրադարան
ՀՀ,Երևան 0019
Մարշալ Բաղրամյան 24/6
հեռախոս:(374-10) 52-47-50
Հետադարձ կապ

All site content, except where otherwise noted, is licensed under a
Creative Commons License